Score 0/16 Timer 02:00
0 Plays Today
Clue Word % Correct
Out-of-focus photoBLUR
94.3%
Apollo 11 landing spot• MOON •
92.2%
Go on foot• WALK •
92.1%
____ Patch Kids (candy)SOUR
91.1%
Brought into lifeBORN
90.5%
What a drunk might doSLUR
90.4%
Rhapsody in ____ (Gershwin)• BLUE •
89.2%
'I Love Lucy' actress LucilleBALL
89.1%
Clue Word % Correct
'Off the ____!'WALL
88.2%
Square-dance venueBARN
87.9%
Poetic term for dawn MORN
86.9%
Like Mr. CleanBALD
83.2%
Professional Gaelic poetBARD
80.7%
North African heathlandMOOR
73.3%
Sullen, obstinateDOUR
72.5%
Type of mat or bellDOOR
72%

Today's Daily Dose

Remove Ads.
Support Sporcle.
Get the best of Sporcle when you Go Orange. This ad-free experience offers more features, more stats, and more fun while also helping to support Sporcle. Thank you for becoming a member.

You're not logged in!

Compare scores with friends on all Sporcle quizzes.
OR
Log In

Show Comments

Extras

Top Quizzes Today


Score Distribution

Your Account Isn't Verified!

In order to create a playlist on Sporcle, you need to verify the email address you used during registration. Go to your Sporcle Settings to finish the process.

Report this User

Report this user for behavior that violates our Community Guidelines.

Details: